000
00299nam a2200109Ia 4500
001
1266648
005
20260417145118.0
008
260417s9999 xx 000 0 und d
020
_a
9789752127821
245
0
_a
Köpek Adam -7 Toplar Kimin İçin Yuvarlanıyo
_c
Dav Pilkey
260
_b
Altın Kitaplar
999
_c
1266648
_d
1266648